History of the Filipino people / (Record no. 3464)
[ view plain ]
| 000 -LEADER | |
|---|---|
| fixed length control field | 00560nam a22001817a 4500 |
| 003 - CONTROL NUMBER IDENTIFIER | |
| control field | OSt |
| 005 - DATE AND TIME OF LATEST TRANSACTION | |
| control field | 20140527143339.0 |
| 008 - FIXED-LENGTH DATA ELEMENTS--GENERAL INFORMATION | |
| fixed length control field | 130701t xxu||||| |||| 00| 0 eng d |
| 050 ## - LIBRARY OF CONGRESS CALL NUMBER | |
| Classification number | DS 668 |
| Item number | .Ag275 2006 |
| 082 ## - DEWEY DECIMAL CLASSIFICATION NUMBER | |
| Classification number | FIL 959.9 |
| Item number | Ag7 2006 |
| 100 ## - MAIN ENTRY--PERSONAL NAME | |
| Personal name | Agoncillo, Teodoro |
| 245 ## - TITLE STATEMENT | |
| Title | History of the Filipino people / |
| Statement of responsibility, etc | Teodoro Agoncillo |
| 260 ## - PUBLICATION, DISTRIBUTION, ETC. (IMPRINT) | |
| Place of publication, distribution, etc | Quezon City, Philippines : |
| Name of publisher, distributor, etc | Garotech Publishing., |
| Date of publication, distribution, etc | c2006. |
| 300 ## - PHYSICAL DESCRIPTION | |
| Extent | xii, 613 |
| Dimensions | 23 cm. |
| 500 ## - GENERAL NOTE | |
| General note | Philippine--history, local. 2. History of the Filipino People |
| 562 ## - COPY AND VERSION IDENTIFICATION NOTE | |
| Number of copies | 1 |
| 942 ## - ADDED ENTRY ELEMENTS (KOHA) | |
| Source of classification or shelving scheme | Library of Congress Classification |
| Koha item type | Books |
| Withdrawn status | Lost status | Source of classification or shelving scheme | Damaged status | Home library | Current library | Shelving location | Date acquired | Total Checkouts | Total Renewals | Full call number | Barcode | Date last seen | Date checked out | Copy number | Price effective from | Koha item type | Source of acquisition | Sub Shelving location |
|---|---|---|---|---|---|---|---|---|---|---|---|---|---|---|---|---|---|---|
| Library of Congress Classification | Luxembourg Library | Luxembourg Library | Filipiniana Section | 07/01/2013 | 4 | 18 | DS 668 .Ag275 2006 | 15233 | 05/02/2019 | 04/01/2019 | 1 | 07/01/2013 | Books | |||||
| Library of Congress Classification | Luxembourg Library | Luxembourg Library | Filipiniana Section | 05/08/2015 | 3 | 8 | DS 668 .Ag275 2006 | 15234 | 03/03/2020 | 02/24/2020 | 05/08/2015 | Books | Donation |